Szczegóły MARC21

Komitet Praw Człowieka : kompetencje, funkcjonowanie, orzecznictwo /

003 -Nazwa inst., której nr kontr. jest w polu 001 [,]
    • @
    • Nazwa instytucji, której n kontrolny jest w polu 001
    • NUKAT
005 -DATA I CZAS OSTATNIEJ MODYFIKACJI [,]
    • @
    • pole kontrolne
    • 20241231100921.0
020 -Międzynarod. znormalizowany nr książki - ISBN [ , ]
    • a
    • Numer ISBN
    • 8386104856 Find
040 -Instytucja sporządzająca opis [ , ]
    • a
    • Instytucja, która sporządziła opis (NP)
    • KR PAU/AS
    • c
    • Instytucja, która sporządziła rekord (NP)
    • KR PAU/AS
    • d
    • Instytucja, która zmodyfikowała rekord (P)
    • KR PAU/KWs
    • d
    • Instytucja, która zmodyfikowała rekord (P)
    • KR PAU/MS
942 -Rodzaj dokumentu [ , ]
    • c
    • Rodzaj dokumentu
    • Książka
100 -Hasło główne - nazwa osobowa [1, ]
    • a
    • Nazwa osobowa (NP)
    • Michalska, Anna
    • d
    • Daty biograficzne (NP)
    • (1940-2001).
    • 9
    • KHW
    • 12127
245 -Strefa tytułu i oznaczenia odpowiedzialności [1,0]
    • a
    • Tytuł
    • Komitet Praw Człowieka : Find
    • b
    • Ciąg dalszy tytułu (NP)
    • kompetencje, funkcjonowanie, orzecznictwo / Find
    • c
    • Pozostałe elementy strefy tytułu i oznaczenia odpowiedzialności (NP)
    • Anna Michalska.
260 -Strefa adresu wydawniczego [ , ]
    • a
    • Miejsce wydania (P)
    • Warszawa :
    • b
    • Nazwa wydawcy (P)
    • Helsińska Fundacja Praw Człowieka :
    • b
    • Nazwa wydawcy (P)
    • Exit,
    • c
    • Data wydania (P)
    • 1994.
300 -Strefa opisu fizycznego [ , ]
    • a
    • Określenie formy książki i/lub objętość (NP)
    • 235, [2] s. ;
    • c
    • Format (NP)
    • 24 cm.
336 -Typ zawartości [ , ]
    • a
    • Termin opisujący typ zawartości
    • Tekst
    • b
    • Kod określający zawartość
    • txt
    • 2
    • Źródło (terminu i kodu)
    • rdacontent
337 -Typ mediów [ , ]
    • a
    • Tryb odtwarzania
    • Bez urządzenia pośredniczącego
    • b
    • Kod typu mediów
    • n
    • 2
    • Źródło (terminu i kodu)
    • rdamedia
338 -Typ/rodzaj nośnika [ , ]
    • a
    • Hasło opisujące typ nośnika
    • Wolumin
    • b
    • Kod typu nośnika
    • nc
    • 2
    • Źródło (terminu i kodu)
    • rdacarrier
490 -Strefa serii i książki wielotomowej - forma nie do wyszukiwania [1, ]
    • a
    • Tytuł (P)
    • Biblioteka Komitetu Helsińskiego w Polsce Find
830 -Hasło dodatkowe serii i opisu książki wielotomowej - tytuł ujednolicony/tytuł [ ,0]
    • a
    • Tytuł ujednolicony/tytuł (NP)
    • Biblioteka Komitetu Helsińskiego w Polsce
    • 9
    • KHW
    • 12546
500 -Uwaga ogólna [ , ]
    • a
    • Uwaga ogólna (NP)
    • Spis treści w jęz. ang.
504 -Uwaga dot. bibliogr. załącznikowej [ , ]
    • a
    • Uwaga dot. bibliografii załącznikowej
    • Bibliogr. s. [237].
080 -Uniwersalna Klasyfikacja Dziesiętna [ , ]
    • a
    • Symbol klasyfikacji
    • 341.231.14
    • 2
    • Identyfikator wydania tablic
    • UDC-P058
    • 9
    • UKD
    • 3388
    • b
    • Dopowiedzenie
    • Prawa człowieka (w aspekcie międzynarodowym).
    • 4
    • UKD2
    • 9326
    • x
    • Poddział wspólny
    • (094.8)
    • c
    • Dopowiedzenie poddz. wspólnego
    • (Źródła prawne pochodzące od sądów. Orzecznictwo).
610 -Hasło przedmiotowe w formie nazwy ciała zbiorowego [2,7]
    • a
    • Nazwa ciała zbiorowego lub nazwa geograficzna
    • Human Rights Committee.
    • 2
    • Źródło terminu
    • kaba
    • 9
    • KHW
    • 237921
980 -Symbol UKD [ , ]
    • a
    • UKD
    • 341.231.14(094.8)
920 -ISBN [ , ]
    • a
    • ISBN
    • 83-86104-85-6 Find
Numer inwentarzowy Sygnatura Status udost. Lokalizacja Data inwentaryzacji
Pd.10582 1BG1998-01-12
SA.7265SA.72651BSA1996-10-24